Die ersten drei Ligen aus den Top-Ländern - Statistiken

Allgemein
  • Dieses Quiz wurde 147 mal gespielt
  • Das Durchschnittsergebnis liegt bei 9 aus 15
Antwortstatistiken
Hint Antwort % Korrekt
Deutschland Bundesliga
99%
Deutschland 2. Bundesliga
98%
England Premier League
93%
Italien Serie A
85%
Frankreich Ligue 1
83%
Italien Serie B
83%
Deutschland 3. Liga
82%
Frankreich Ligue 2
81%
Spanien LaLiga
80%
Italien Serie C
80%
Spanien LaLiga 2
29%
England EFL Championship
25%
England EFL League one
20%
Frankreich Championnat National
8%
Spanien Segunda Division B
4%
Keine übereinstimmenden Quizze gefunden
Verteilung der Resultate
Anzahl Personen mit jedem Resultat
Perzentil nach korrekt beantworteten Fragen
Ihre Resultats-Entwicklung
Sie haben dieses Quiz noch nicht gespielt